ELECTRICAL ENGINEERING (Record no. 32460)

MARC details
000 -LEADER
fixed length control field 00232nam a22001097a 4500
003 - CONTROL NUMBER IDENTIFIER
control field SGT
100 ## - MAIN ENTRY--PERSONAL NAME
Personal name SYAL, NIPUN
245 ## - TITLE STATEMENT
Title ELECTRICAL ENGINEERING
260 ## - PUBLICATION, DISTRIBUTION, ETC. (IMPRINT)
Place of publication, distribution, etc CHANDIGARH
Name of publisher, distributor, etc EDUZPHERE PIB.
Year of Publication 2019
300 ## - PAGE DESCRIPTION
No. of Pages 384
942 ## - ADDED ENTRY ELEMENTS (KOHA)
Source of classification or shelving scheme Dewey Decimal Classification
Koha item type Books

No items available.